000 00660nam a2200217Ia 4500
005 20250508165831.0
008 008 250505s9999 xx 000 0 eng d
020 _a978-93-860-3291-8
037 _aReference
040 _aFEDL
_beng
_cFEDL
041 _aeng
_2eng
084 _a371.4, RAN/RR
_qFEDL
100 _aRanganathan Namita
245 0 _aGuidance and counselling for children and adolescents in schools
260 _aNew Delhi, India
_bSage Publications India Pvt. Ltd.
_c2017
300 _axviii, 253p.
365 _aINR
_b3
700 _a Wadhwa Toolika
_9782126
942 _cREF
_h371.4, RAN/RR
999 _c1397727
_d1397727